<?xml version="1.0" encoding="UTF-8"?><?xml-stylesheet type="text/xsl" href="static/style.xsl"?><OAI-PMH xmlns="http://www.openarchives.org/OAI/2.0/" xmlns:xsi="http://www.w3.org/2001/XMLSchema-instance" xsi:schemaLocation="http://www.openarchives.org/OAI/2.0/ http://www.openarchives.org/OAI/2.0/OAI-PMH.xsd"><responseDate>2026-04-27T20:17:34Z</responseDate><request verb="GetRecord" identifier="oai:uvadoc.uva.es:10324/29384" metadataPrefix="marc">https://uvadoc.uva.es/oai/request</request><GetRecord><record><header><identifier>oai:uvadoc.uva.es:10324/29384</identifier><datestamp>2025-03-26T19:10:06Z</datestamp><setSpec>com_10324_6435</setSpec><setSpec>com_10324_5186</setSpec><setSpec>com_10324_29291</setSpec><setSpec>col_10324_29375</setSpec></header><metadata><record xmlns="http://www.loc.gov/MARC21/slim" xmlns:doc="http://www.lyncode.com/xoai" xmlns:xsi="http://www.w3.org/2001/XMLSchema-instance" xmlns:dcterms="http://purl.org/dc/terms/" xsi:schemaLocation="http://www.loc.gov/MARC21/slim http://www.loc.gov/standards/marcxml/schema/MARC21slim.xsd">
<leader>00925njm 22002777a 4500</leader>
<datafield tag="042" ind1=" " ind2=" ">
<subfield code="a">dc</subfield>
</datafield>
<datafield tag="720" ind1=" " ind2=" ">
<subfield code="a">Carmona Ballestero, Eduardo</subfield>
<subfield code="e">author</subfield>
</datafield>
<datafield tag="260" ind1=" " ind2=" ">
<subfield code="c">2017</subfield>
</datafield>
<datafield tag="520" ind1=" " ind2=" ">
<subfield code="a">El trabajo se interesa por Rompizales I, un campo de hoyos situado en las cercanías de Burgos. Sobre el yacimiento existe una información fruto de una excavación preventiva de 2002 que documentó los habituales hoyos junto a otras evidencias poco frecuentes en el norte de la península ibérica: un foso, hoyos de poste, hogares, hornos, etc. Además, el lugar incorpora, como aspecto novedoso, una secuencia estratigráfica acumulada e intacta en varios puntos. Los excavadores interpretaron el yacimiento como resultado de un hábitat estacional pastoril de atribución exclusivamente Campaniforme. La revisión del registro arqueológico ha aportado evidencias que permiten someter a discusión tal interpretación y proponer otra nueva</subfield>
</datafield>
<datafield tag="024" ind2=" " ind1="8">
<subfield code="a">BSAA arqueología; Núm. LXXXIII (2017) pags. 95-122</subfield>
</datafield>
<datafield tag="024" ind2=" " ind1="8">
<subfield code="a">2530-6367</subfield>
</datafield>
<datafield tag="024" ind2=" " ind1="8">
<subfield code="a">2530-6367</subfield>
</datafield>
<datafield tag="024" ind2=" " ind1="8">
<subfield code="a">http://uvadoc.uva.es/handle/10324/29384</subfield>
</datafield>
<datafield tag="024" ind2=" " ind1="8">
<subfield code="a">10.24197/ba.LXXXIII.2017.95-122</subfield>
</datafield>
<datafield tag="024" ind2=" " ind1="8">
<subfield code="a">95</subfield>
</datafield>
<datafield tag="024" ind2=" " ind1="8">
<subfield code="a">LXXXIII</subfield>
</datafield>
<datafield tag="024" ind2=" " ind1="8">
<subfield code="a">122</subfield>
</datafield>
<datafield tag="245" ind1="0" ind2="0">
<subfield code="a">Revisando el registro arqueológico de Rompizales I (Burgos)</subfield>
</datafield>
</record></metadata></record></GetRecord></OAI-PMH>